000 00453nam a2200169Ia 4500
001 29580
003 IN-NITTTR
005 20251114233403.0
008 251113s9999||||xx |||||||||||||| ||eng||
040 _beng
040 _cIN-NITTTR
041 _aeng
082 _a808.066659 F814W
100 _aFoster, John
245 0 _aWriting skills for public relations :
_b style an technique for mainstream and social media /
_cFoster, John
942 _2ddc
_cBK
999 _c32208
_d32208